Normal view
MARC view
- نصار، عصام محرر ومقدم؛ تماري,سليم محرر ومقدم
Entry Personal Name
001 - CONTROL NUMBER
- control field: 49942
003 - CONTROL NUMBER IDENTIFIER
- control field: JO-AjAnu
005 - DATE AND TIME OF LATEST TRANSACTION
- control field: 20230606082227.0
008 - FIXED-LENGTH DATA ELEMENTS
- fixed length control field: 230606|| aca||aabn | a|a d
040 ## - CATALOGING SOURCE
- Original cataloging agency: JO-AjAnu
- Transcribing agency: JO-AjAnu
100 ## - HEADING--PERSONAL NAME
- Personal name: نصار، عصام محرر ومقدم؛ تماري,سليم محرر ومقدم
670 ## - SOURCE DATA FOUND
- Source citation: Work cat.: (JO-AjAnu)25536: نصار، عصام محرر ومقدم؛ تماري,سليم محرر ومقدم, author, القدس العثمانية في المذكرات الجوهرية =الكتاب الأول من المذكرات الموسيقي واصف الجوهرية 1904-1917